Zweite Fortfessung der Jahrbücher von Hildesheim 1041-1108
Elmentve itt :
| Dokumentumtípus: | Cikk |
|---|---|
| Sorozat: | Kolligátum
|
| Kulcsszavak: | Középkor története - évkönyv |
| Online Access: | http://misc.bibl.u-szeged.hu/23921 |
| LEADER | 00505nab a2200145 i 4500 | ||
|---|---|---|---|
| 001 | misc23921 | ||
| 005 | 20191111110806.0 | ||
| 008 | 170822suuuu hu o 0|| zxx d | ||
| 040 | |a SZTE Miscellanea Repozitórium |b hun | ||
| 041 | |a zxx | ||
| 245 | 0 | 0 | |a Zweite Fortfessung der Jahrbücher von Hildesheim |h [elektronikus dokumentum] : |b 1041-1108 |
| 300 | |a 43-65 | ||
| 490 | 0 | |a Kolligátum | |
| 695 | |a Középkor története - évkönyv | ||
| 856 | 4 | 0 | |u http://misc.bibl.u-szeged.hu/23921/1/010_014_043-065.pdf |z Dokumentum-elérés |